03066nam a22004575i 4500001001800000003000900018005001700027007001500044008004100059020001800100024003500118050001600153050001400169072001600183072002300199072001500222082001500237245015000252250001800402260007200420300006700492336002600559337002600585338003600611347002400647490005600671505081100727520052501538650003202063650002502095650005502120700008502175700007802260710003402338773002602372776003602398776003602434776003602470830005602506856004602562978-981-16-8414-2DE-He21320250103112323.0cr nn 008mamaa211222s2022 si | s |||| 0|eng d a9789811684142 a10.1007/978-981-16-8414-22doi aTA1001-1280 aHE331-380 aTNH2bicssc aTEC0091402bisacsh aTNH2thema a629.04223 aPotential and Challenges of Low Carbon Fuels for Sustainable Transporth[electronic resource] /cedited by Avinash Kumar Agarwal, Hardikk Valera. a1st ed. 2022. aSingapore :bSpringer Nature Singapore :bImprint: Springer,c2022. aXIII, 345 p. 106 illus., 74 illus. in color.bonline resource. atextbtxt2rdacontent acomputerbc2rdamedia aonline resourcebcr2rdacarrier atext filebPDF2rda aEnergy, Environment, and Sustainability,x2522-8374 aIntroduction of Potential and Challenges of Low Carbon Fuels for Sustainable Transport -- Some of the Bio-fuels for Internal Combustion Engines: Alcohols and Biodiesel -- Production of Bioethanol from Microalgal Feedstock: A Circular Biorefinery Approach -- Fuel Delivery System for Alternative Fuel Engines – A Review -- Alcohols as Alternative Fuels for Transport -- Advances in the Use of Ethers and Alcohols as Additives for Improving Biofuel Properties for SI Engines -- Influence of Oxygenated Fuel and Additives in Biofuel Run Compression Ignition Engine -- Future Sustainable Transport Fuels for Indian Heavy-duty Vehicles -- Potential and Challenges of using Biodiesel in a Compression Ignition Engine -- Biodiesel and Renewable Diesel as a Drop-in Fuel for Decarbonized Maritime Transportation. aThis book focuses on low carbon fuels a preferable class of fuels for Internal Combustion Engines (ICEs) highlighting the effect of low carbon fuels on tailpipe emissions. This book aims to strengthen the knowledge base dealing with low carbon fuels as a sustainable transport fuel. The volume includes recent results and are focused on current trends of automotive sector. This book will be of interest to those in academia and industry involved in fuels, IC engines, engine instrumentation, and environmental research. aTransportation engineering. aTraffic engineering. aTransportation Technology and Traffic Engineering. aAgarwal, Avinash Kumar.eeditor.4edt4http://id.loc.gov/vocabulary/relators/edt aValera, Hardikk.eeditor.4edt4http://id.loc.gov/vocabulary/relators/edt aSpringerLink (Online service) tSpringer Nature eBook iPrinted edition:z9789811684135 iPrinted edition:z9789811684159 iPrinted edition:z9789811684166 aEnergy, Environment, and Sustainability,x2522-8374 uhttps://doi.org/10.1007/978-981-16-8414-2